Les trophées des music shows de Enhypen - Statistiques

Statistiques générales
  • Ce quiz a été pris 71 fois
    20 depuis la dernière actualisation
  • Le résultat moyen est 8 sur 9
Statistiques - réponses
Nombres de trophées Title tracks % Correct
3 Drunk-Dazed
100%
1 Xo ( Only If You Say Yes)
100%
2 Bite Me
87%
3 Future Perfect (Pass The Mic)
87%
3 Bad Desire (With Or Without You)
80%
1 Knife
80%
1 Sweet Venom
80%
3 Tamed-Dashed
80%
2 Blessed-Cursed
73%
Aucun quiz correspondant
Distribution des résultats
% des personnes avec chaque résultat
Percentile par nombre de réponses
Votre historique - résultats
Vous n’avez pas pris ce quiz depuis la dernière actualisation